Current monetary issues /

Bibliographic Details
Main Author: Pasvolsky, Leo, 1893-1953
Format: Book
Language:English
Published: Washington, D.C. : Brookings Institution, 1933.
Series:Publication (Brookings Institution. Institute of Economics) ; no.52.
Subjects:

MARC

Tag First Indicator Second Indicator Subfields
LEADER 00000cam a2200000 4500
001 in00000065541
005 20151007083441.0
008 731105s1933 dcu 00000 eng u
010 |a  34000418  
035 |a (OCoLC)00734643 
035 |9 AAF9381AM 
040 |c CSU  |d TXA  |d UtOrBLW 
049 |a TXAM  |c [97142] 
050 0 |a HG255  |b .P3 
092 |a 332.409  |b P293c 
100 1 |a Pasvolsky, Leo,  |d 1893-1953. 
245 1 0 |a Current monetary issues /  |c by Leo Pasvolsky. 
264 1 |a Washington, D.C. :  |b Brookings Institution,  |c 1933. 
300 |a xiii, 192p :  |b diagrams ;  |c 21cm. 
336 |a text  |b txt  |2 rdacontent 
337 |a unmediated  |b n  |2 rdamedia 
338 |a volume  |b nc  |2 rdacarrier 
490 1 |a The Institute of economics of the Brookings institution ... Publication no. 52 
650 0 |a Money. 
650 0 |a Currency question. 
650 0 |a Gold. 
830 0 |a Publication (Brookings Institution. Institute of Economics) ;  |v no.52. 
999 |a MARS 
999 f f |s a16b8f18-7aec-33ac-b6e5-ca655b437b61  |i 9d395b01-7129-3b3a-bc05-92ad91f94ced  |t 0 
952 f f |p ric  |a Texas A&M University  |b Rellis Campus  |c Joint Library Facility  |d Remote Storage  |t 0  |e HG255 .P3  |h Library of Congress classification  |i unmediated -- volume  |m A14800733090 
998 f f |a HG255 .P3  |t 0  |l Remote Storage